Catalog

Record Details

Catalog Search



Občanské ctnosti : občanský étos a občanství v liberálnědemokratických společnostech  Cover Image Book Book

Občanské ctnosti : občanský étos a občanství v liberálnědemokratických společnostech / uspořádal Edward C. Banfield ; [z anglického originálu ... přeložil Jiří Loudín]

Record details

  • ISBN: 80-85865-12-2
  • Physical Description: 131 s. ; 21 cm
  • Edition: 1. vyd.
  • Publisher: Praha : Victoria Publishing, 1995

Content descriptions

Bibliography, etc. Note:
Obsahuje bibliografie a bibliografické odkazy
Subject: občanská společnost
liberalismus
občanská práva
demokracie
Genre: sborníky

Available copies

  • 1 of 1 copy available at Common Catalog SPOK.

Holds

  • 0 current holds with 1 total copy.
Show All Copies
Location Call Number / Copy Notes Barcode Shelving Location Status Due Date
Jabok Library Soc-5.3 424480000366 Odborná literatura Available -

LDR 01495nam a2200397 4500
0018378
003CZ-PrJAB
00520220526084958.0
007tu
008940622s1995 xr e 000 0 cze
015 . ‡acnb000100343
020 . ‡a80-85865-12-2 ‡q(váz.)
035 . ‡a(CZ PrNK)np9427721
035 . ‡a(OCoLC)85651844
040 . ‡aABA001 ‡bcze
0411 . ‡acze ‡heng
072 7. ‡a321 ‡xPolitologie ‡2Konspekt ‡915
080 . ‡a342.7 ‡2undef
080 . ‡a304 ‡2undef
080 . ‡a321 ‡2undef
1300 . ‡aCivity and citizenship in liberal democratic societies. ‡lČesky
24510. ‡aObčanské ctnosti : ‡bobčanský étos a občanství v liberálnědemokratických společnostech / ‡cuspořádal Edward C. Banfield ; [z anglického originálu ... přeložil Jiří Loudín]
250 . ‡a1. vyd.
260 . ‡aPraha : ‡bVictoria Publishing, ‡c1995
300 . ‡a131 s. ; ‡c21 cm
504 . ‡aObsahuje bibliografie a bibliografické odkazy
65007. ‡aobčanská společnost ‡7ph123633 ‡2czenas
65007. ‡aliberalismus ‡7ph115136 ‡2czenas
65007. ‡aobčanská práva ‡7ph123629 ‡2czenas
65007. ‡ademokracie ‡7ph117182 ‡2czenas
655 7. ‡asborníky ‡7fd163935 ‡2czenas
7001 . ‡aLoudín, Jiří, ‡d1951- ‡7ntka173256 ‡4trl
7001 . ‡aBanfield, Edward C., ‡d1916-1999 ‡7jo2003184063 ‡4edt
910 . ‡aABG312
901 . ‡a8378 ‡bUnknown ‡c8378 ‡tbiblio

Additional Resources